|
|
|
|
| LEADER |
00000nam0a2200000 4500 |
| 001 |
56887 |
| 005 |
20231101211630.0 |
| 035 |
|
|
|a (RuTPU)RU\TPU\book\59748
|
| 090 |
|
|
|a 56887
|
| 100 |
|
|
|a 20031013d1980 k y0rusy50 ca
|
| 101 |
0 |
|
|a rus
|
| 102 |
|
|
|a RU
|
| 105 |
|
|
|a a z 001zy
|
| 200 |
1 |
|
|a Радиационная физика ионных кристаллов
|f А. А. Ботаки, А. А. Воробьев, В. Л. Ульянов
|
| 210 |
|
|
|a Москва
|c Атомиздат
|d 1980
|
| 215 |
|
|
|a 208 с.
|c ил.
|
| 320 |
|
|
|a Библиогр.: с. 194-206.
|
| 606 |
1 |
|
|a Кристаллы ионные
|x Действие ионизирующих излучений
|2 stltpush
|3 (RuTPU)RU\TPU\subj\53466
|9 71700
|
| 610 |
1 |
|
|a физика
|
| 610 |
1 |
|
|a ионы
|
| 610 |
1 |
|
|a кристаллы
|
| 610 |
1 |
|
|a твердые тела
|
| 610 |
1 |
|
|a свойства
|
| 610 |
1 |
|
|a оптика
|
| 610 |
1 |
|
|a электрические свойства
|
| 610 |
1 |
|
|a структура
|
| 610 |
1 |
|
|a механические свойства
|
| 610 |
1 |
|
|a облучение
|
| 610 |
1 |
|
|a колебания
|
| 610 |
1 |
|
|a решетки
|
| 610 |
1 |
|
|a тепловые свойства
|
| 610 |
1 |
|
|a труды учёных ТПУ
|
| 675 |
|
|
|a 548.312
|v 3
|
| 700 |
|
1 |
|a Ботаки
|b А. А.
|g Анджело Анджелович
|
| 701 |
|
1 |
|a Воробьев
|b А. А.
|c российский физик
|c ректор Томского политехнического института, профессор
|f 1909-1981
|g Александр Акимович
|2 stltpush
|3 (RuTPU)RU\TPU\pers\12805
|4 070
|
| 701 |
|
1 |
|a Ульянов
|b В. Л.
|g Владимир Леонтьевич
|
| 801 |
|
1 |
|a RU
|b 63413507
|c 20031013
|g PSBO
|
| 801 |
|
2 |
|a RU
|b 63413507
|c 20200818
|g PSBO
|
| 900 |
|
|
|a Радиационная физика твердого тела
|
| 942 |
|
|
|c BK
|